Case news (Record no. 78035)
[ view plain ]
| 000 -LEADER | |
|---|---|
| fixed length control field | 01031cab a2200205 4500 |
| 001 - CONTROL NUMBER | |
| control field | L135844 |
| 008 - FIXED-LENGTH DATA ELEMENTS--GENERAL INFORMATION | |
| fixed length control field | 061213n2006 000 0 eng u |
| 035 ## - SYSTEM CONTROL NUMBER | |
| System control number | (Sirsi) u135844 |
| 041 0# - LANGUAGE CODE | |
| Language code of text/sound track or separate title | eng |
| 100 1# - MAIN ENTRY--PERSONAL NAME | |
| Personal name | Ross, Jonathan |
| 245 00 - TITLE STATEMENT | |
| Title | Case news |
| Remainder of title | BBS Fashion Merchandising v Urban Regeneration Agency |
| 260 ## - PUBLICATION, DISTRIBUTION, ETC. | |
| Date of publication, distribution, etc. | 2006 |
| 490 #0 - SERIES STATEMENT | |
| Series statement | Property Week |
| Volume/sequential designation | 71(44) 24 November 2006, 72(1) |
| 520 ## - SUMMARY, ETC. | |
| Summary, etc. | The Urban Regeneration Agency has been ordered to pay more than £200,000 it retained for a three month period against the purchase price of a property in lieu of the carrying out of an environmental survey. The agency claimed that it had a further three months to pay the £200,000, but the court ruled that BBS was entitled to receive the remaining money after three months, not six. |
| 590 ## - LOCAL NOTE (RLIN) | |
| Local note | KA |
| 650 24 - SUBJECT ADDED ENTRY--TOPICAL TERM | |
| Topical term or geographic name entry element | BBS FASHION MERCHANDISING V URBAN REGENERATION AGENCY |
| 651 #4 - SUBJECT ADDED ENTRY--GEOGRAPHIC NAME | |
| Geographic name | England and Wales |
| Chronological subdivision | 1543- |
| 690 ## - LOCAL SUBJECT ADDED ENTRY--TOPICAL TERM (OCLC, RLIN) | |
| Topical term or geographic name as entry element | PROPERTY-COMMERCIAL PROPERTY-LEASEHOLD COMMERCIAL PROPERTY-COMMERCIAL LANDLORD AND TENANT |
| 942 ## - ADDED ENTRY ELEMENTS (KOHA) | |
| Suppress in OPAC | 0 |
| Withdrawn status | Lost status | Source of classification or shelving scheme | Damaged status | Not for loan | Home library | Current library | Shelving location | Date acquired | Total Checkouts | Full call number | Barcode | Date last seen | Copy number | Price effective from | Koha item type |
|---|---|---|---|---|---|---|---|---|---|---|---|---|---|---|---|
| Dewey Decimal Classification | London | London | Journal article | 13/12/2006 | L135844 | 135844-1001 | 06/08/2019 | 1 | 06/08/2019 | Journal article |